[Event "4NCL 2019-20"]
[Site "Daventry"]
[Date "2020.02.08"]
[Round "5"]
[White "Leon Cazares, Gustavo"]
[Black "York-Weaving, Richard"]
[Result "0-1"]
[WhiteElo "2084"]
[BlackElo "2339"]
[Annotator "ChessBase"]
[PlyCount "68"]
[EventDate "2020.01.11"]
[EventCountry "ENG"]
[SourceTitle "playchess.com"]
[Source "ChessBase"]
[SourceQuality "1"]
[TimeControl "40/6000:3000+30"]

1. e4 {[%emt 0:00:00]} c5 {[%emt 0:11:14]} 2. c3 {[%emt 0:00:00]} Nf6 {[%emt 0:00:00]} 3. e5 {[%emt 0:00:00]} Nd5 {[%emt 0:00:00]} 4. Nf3 {[%emt 0:00:00]} e6 {[%emt 0:00:00]} 5. Bc4 {[%emt 0:00:00]} d6 {[%emt 0:00:00]} 6. d4 {[%emt 0:00:00]} cxd4 {[%emt 0:00:00]} 7. cxd4 {[%emt 0:00:00]} Be7 {[%emt 0:00:00]} 8. O-O {[%emt 0:00:00]} O-O {[%emt 0:00:00]} 9. Nbd2 {[%emt 0:00:21]} b6 {[%emt 0:03:43]} 10. Qe2 {[%emt 0:00:54]} Bb7 {[%emt 0:02:57]} 11. Ne4 {[%emt 0:00:54]} dxe5 {[%emt 0:03:59]} 12. dxe5 {[%emt 0:00:54]} h6 {[%emt 0:02:53]} 13. Bd2 {[%emt 0:05:32]} Nd7 {[%emt 0:02:38]} 14. Rad1 {[%emt 0:02:24]} Rc8 {[%emt 0:03:41]} 15. Rfe1 {[%emt 0:15:39]} Qc7 {[%emt 0:08:29]} 16. Rc1 {[%emt 0:00:03]} Qb8 {[%emt 0:05:03]} 17. Ng3 {[%emt 0:00:45]} Rfd8 {[%emt 0:08:34]} 18. Nh5 {[%emt 0:02:26]} Bf8 {[%emt 0:02:05]} 19. Nh4 {[%emt 0:09:45]} Nxe5 {[%emt 0:27:07]} 20. Bxd5 {[%emt 0:40:04]} Rxc1 {[%emt 0:01:44]} 21. Bxc1 {[%emt 0:00:00]} Rxd5 {[%emt 0:05:41]} 22. Bxh6 {[%emt 0:00:00]} Qd8 {[%emt 0:00:21]} 23. Nf3 {[%emt 0:06:33]} Nxf3+ {[%emt 0:04:07]} 24. Qxf3 {[%emt 0:00:00]} Re5 {[%emt 0:02:55]} 25. Qc3 {[%emt 0:02:49]} Rxe1+ {[%emt 0:00:00]} 26. Qxe1 {[%emt 0:00:00]} gxh6 {[%emt 0:00:00]} 27. f3 {[%emt 0:00:00]} Qg5 {[%emt 0:00:20]} 28. Ng3 {[%emt 0:00:00]} Bc5+ {[%emt 0:00:00]} 29. Kh1 {[%emt 0:00:00]} h5 {[%emt 0:00:57]} 30. b4 {[%emt 0:00:00]} Bd6 {[%emt 0:00:01]} 31. Qd1 {[%emt 0:00:00]} Bd5 {[%emt 0:00:08]} 32. Qe1 {[%emt 0:00:00]} Bxb4 {[%emt 0:00:20]} 33. Qa1 {[%emt 0:00:00]} h4 {[%emt 0:00:00]} 34. f4 {[%emt 0:00:00]} Qg4 {[%emt 0:00:13]} 0-1

[Event "4NCL 2019-20"]
[Site "Daventry"]
[Date "2020.02.08"]
[Round "5"]
[White "Jackson, Sheila"]
[Black "Sowray, Peter J"]
[Result "1/2-1/2"]
[WhiteElo "2064"]
[BlackElo "2272"]
[Annotator "NA"]
[PlyCount "75"]
[EventDate "2020.01.11"]
[EventCountry "ENG"]
[SourceTitle "playchess.com"]
[Source "ChessBase"]
[SourceQuality "1"]
[TimeControl "40/6000:3000+30"]

1. e4 {[%emt 0:00:00]} e5 {[%emt 0:00:00]} 2. Nf3 {[%emt 0:00:00]} Nc6 {[%emt 0:00:00]} 3. Nc3 {[%emt 0:00:00]} Nf6 {[%emt 0:00:00]} 4. Bb5 {[%emt 0:00:00]} Bb4 {[%emt 0:00:00]} 5. d3 {[%emt 0:00:00]} d6 {[%emt 0:00:29]} 6. O-O $11 {[%emt 0:00:00]} Bxc3 {[%emt 0:00:00]} 7. bxc3 {[%emt 0:00:00]} O-O {[%emt 0:00:00]} 8. Bxc6 {[%emt 0:00:00]} bxc6 {[%emt 0:00:00]} 9. Bg5 {[%emt 0:00:00]} h6 {[%emt 0:00:00]} 10. Bh4 {[%emt 0:00:00]} Bg4 {[%emt 0:00:00]} 11. h3 {[%emt 0:00:00]} Bxf3 {[%emt 0:00:00]} 12. Qxf3 {[%emt 0:00:00]} g5 {[%emt 0:00:00]} 13. Bg3 {[%emt 0:00:00]} Qe7 {[%emt 0:00:00]} 14. Rfe1 {[%emt 0:00:00]} Nd7 {[%emt 0:02:16]} 15. d4 {[%emt 0:00:00]} f6 {[%emt 0:03:38]} 16. Rab1 {[%emt 0:07:46]} Nb6 {[%emt 0:30:59]} 17. Qf5 Kg7 18. h4 Qf7 19. hxg5 hxg5 20. dxe5 {[%emt 0:28:38]} dxe5 {[%emt 0:00:00]} 21. Bxe5 {[%emt 0:05:01]} fxe5 22. Qxg5+ {[%emt 0:00:00]} Qg6 23. Qxe5+ {[%emt 0:00:00]} Qf6 24. Qxc7+ {[%emt 0:00:00]} Rf7 25. Qg3+ {[%emt 0:00:00]} Qg6 26. Qe5+ {[%emt 0:00:00]} Kg8 27. Re3 {[%emt 0:00:00]} Nc4 28. Rb8+ {[%emt 0:00:00]} Rf8 29. Qg3 {[%emt 0:00:00]} Qxg3 30. Rxg3+ {[%emt 0:00:00]} Kh7 31. Rb7+ {[%emt 0:00:00]} Kh6 32. Rh3+ {[%emt 0:00:00]} Kg6 33. Rbh7 {[%emt 0:00:00]} Ne5 34. R3h6+ {[%emt 0:00:00]} Kg5 35. Rh5+ {[%emt 0:00:00]} Kg6 36. R5h6+ {[%emt 0:00:00]} Kg5 37. Rh5+ {[%emt 0:00:00]} Kg6 38. R5h6+ {[%emt 0:00:00]} 1/2-1/2

[Event "4NCL 2019-20"]
[Site "Daventry"]
[Date "2020.02.08"]
[Round "5"]
[White "Bhatia, Kanwal K"]
[Black "Latham, David"]
[Result "0-1"]
[WhiteElo "2037"]
[BlackElo "2064"]
[Annotator "NA"]
[PlyCount "78"]
[EventDate "2020.01.11"]
[EventCountry "ENG"]
[SourceTitle "playchess.com"]
[Source "ChessBase"]
[SourceQuality "1"]
[TimeControl "40/6000:3000+30"]

1. e4 {[%emt 0:00:00]} c6 {[%emt 0:00:00]} 2. d4 {[%emt 0:00:00]} d5 {[%emt 0:00:00]} 3. Nd2 {[%emt 0:00:00]} dxe4 4. Nxe4 {[%emt 0:00:00]} Nd7 {[%emt 0:00:00]} 5. Nf3 $11 {[%emt 0:00:43]} Ndf6 {[%emt 0:00:00]} 6. Ng3 {[%emt 0:04:02]} e6 {[%emt 0:01:16]} 7. Bd3 {[%emt 0:01:05]} Bd6 {[%emt 0:00:00]} 8. O-O {[%emt 0:00:46]} Ne7 {[%emt 0:04:12]} 9. Re1 {[%emt 0:00:46]} O-O {[%emt 0:00:05]} 10. Ne5 {[%emt 0:01:50]} Ng6 {[%emt 0:01:22]} 11. Bg5 {[%emt 0:03:04]} Be7 {[%emt 0:00:12]} 12. c3 {[%emt 0:05:20]} Nd5 {[%emt 0:02:30]} 13. Bxe7 Qxe7 {[%emt 0:03:15]} 14. Bc2 {[%emt 0:12:11]} Nxe5 15. dxe5 Nf4 {[%emt 0:10:57]} 16. Qd4 Ng6 17. Rad1 b6 18. Ne4 Bb7 19. Nd6 Rad8 20. Qe3 Ba8 21. Rd2 c5 22. Red1 Bc6 23. b4 cxb4 24. cxb4 Qh4 25. Rd4 Qe7 26. a3 Bd5 27. f4 f6 28. Qg3 fxe5 29. fxe5 Nxe5 30. Qxe5 Qxd6 31. Qh5 h6 32. Qg6 Rf6 33. Qh7+ Kf8 34. Bg6 Qe5 35. Qh8+ Ke7 36. Qxg7+ Kd6 37. Qh7 Qe2 38. R4d2 Qe3+ 39. Kh1 Qxd2 0-1

[Event "4NCL 2019-20"]
[Site "Daventry"]
[Date "2020.02.08"]
[Round "5"]
[White "Skulte, Christopher"]
[Black "Palliser, Richard J D"]
[Result "0-1"]
[WhiteElo "2033"]
[BlackElo "2399"]
[Annotator "ChessBase"]
[PlyCount "88"]
[EventDate "2020.01.11"]
[EventCountry "ENG"]
[SourceTitle "playchess.com"]
[Source "ChessBase"]
[SourceQuality "1"]
[TimeControl "40/6000:3000+30"]

1. e4 {[%emt 0:00:00]} g6 {[%emt 0:00:00]} 2. d4 {[%emt 0:00:00]} Bg7 {[%emt 0:00:00]} 3. Be3 {[%emt 0:00:00]} d6 {[%emt 0:00:00]} 4. Nc3 {[%emt 0:00:00]} a6 {[%emt 0:00:00]} 5. Qd2 {[%emt 0:00:44]} b5 {[%emt 0:00:00]} 6. a4 {[%emt 0:06:04]} b4 {[%emt 0:00:00]} 7. Nd5 {[%emt 0:00:00]} a5 {[%emt 0:00:00]} 8. c3 {[%emt 0:05:05]} c6 {[%emt 0:10:43]} 9. Nf4 {[%emt 0:00:33]} bxc3 {[%emt 0:00:22]} 10. bxc3 {[%emt 0:02:48]} Nf6 {[%emt 0:00:18]} 11. f3 {[%emt 0:04:26]} O-O {[%emt 0:00:00]} 12. Nd3 {[%emt 0:09:19]} Nbd7 {[%emt 0:00:33]} 13. Bh6 {[%emt 0:01:05]} Bxh6 {[%emt 0:04:38]} 14. Qxh6 {[%emt 0:00:00]} e5 {[%emt 0:00:00]} 15. Ne2 {[%emt 0:02:05]} Ba6 {[%emt 0:00:00]} 16. Qd2 {[%emt 0:07:01]} Bxd3 {[%emt 0:20:36]} 17. Qxd3 {[%emt 0:00:27]} d5 {[%emt 0:00:00]} 18. g3 {[%emt 0:05:14]} exd4 {[%emt 0:01:13]} 19. cxd4 {[%emt 0:04:42]} dxe4 {[%emt 0:07:10]} 20. fxe4 {[%emt 0:02:16]} Nc5 {[%emt 0:11:18]} 21. Qc2 {[%emt 0:01:43]} Ncxe4 {[%emt 0:00:00]} 22. Bg2 {[%emt 0:00:00]} Re8 {[%emt 0:03:45]} 23. O-O {[%emt 0:00:32]} Rc8 {[%emt 0:00:53]} 24. Rf4 {[%emt 0:06:28]} Nd6 {[%emt 0:05:26]} 25. Bh3 {[%emt 0:05:56]} Rc7 {[%emt 0:00:15]} 26. Rc1 {[%emt 0:03:48]} Nd5 {[%emt 0:07:28]} 27. Rf3 {[%emt 0:00:57]} Nb4 {[%emt 0:04:17]} 28. Qd2 {[%emt 0:08:32]} Ne4 {[%emt 0:00:00]} 29. Qh6 {[%emt 0:01:31]} Ng5 {[%emt 0:01:04]} 30. Rf2 {[%emt 0:02:11]} Nd3 {[%emt 0:00:00]} 31. Rcf1 {[%emt 0:01:08]} Nxf2 {[%emt 0:00:00]} 32. Rxf2 {[%emt 0:00:00]} Nxh3+ 33. Qxh3 {[%emt 0:00:00]} Rce7 {[%emt 0:03:04]} 34. Nf4 {[%emt 0:00:16]} Qxd4 {[%emt 0:00:00]} 35. Qh4 {[%emt 0:00:14]} Re1+ {[%emt 0:02:30]} 36. Kg2 {[%emt 0:00:00]} Qe4+ {[%emt 0:00:00]} 37. Kh3 {[%emt 0:00:00]} Qf5+ {[%emt 0:00:00]} 38. Kg2 {[%emt 0:00:00]} g5 {[%emt 0:01:55]} 39. Qh5 {[%emt 0:00:00]} Qe4+ {[%emt 0:00:57]} 40. Kh3 {[%emt 0:00:00]} gxf4 {[%emt 0:02:36]} 41. Rxf4 {[%emt 0:49:24]} Qe6+ {[%emt 0:50:05]} 42. Rg4+ {[%emt 0:00:10]} Kh8 {[%emt 0:06:30]} 43. Qg5 {[%emt 0:00:44]} Qe5 {[%emt 0:01:01]} 44. Qh6 {[%emt 0:00:15]} Rg8 {[%emt 0:00:33]} 0-1

[Event "4NCL 2019-20"]
[Site "Daventry"]
[Date "2020.02.08"]
[Round "5"]
[White "Varney, Zoe"]
[Black "Steil-Antoni, Fiona"]
[Result "0-1"]
[WhiteElo "2004"]
[BlackElo "2121"]
[Annotator "ChessBase"]
[PlyCount "78"]
[EventDate "2020.01.11"]
[EventCountry "ENG"]
[SourceTitle "playchess.com"]
[Source "ChessBase"]
[SourceQuality "1"]
[TimeControl "40/6000:3000+30"]

1. e4 {[%emt 0:00:00]} e5 {[%emt 0:00:54]} 2. Nf3 {[%emt 0:00:00]} Nc6 {[%emt 0:00:00]} 3. Bc4 {[%emt 0:00:00]} Bc5 {[%emt 0:00:00]} 4. c3 {[%emt 0:00:00]} Nf6 {[%emt 0:00:00]} 5. d4 {[%emt 0:00:00]} exd4 {[%emt 0:00:00]} 6. cxd4 {[%emt 0:00:00]} Bb4+ {[%emt 0:00:00]} 7. Bd2 {[%emt 0:00:00]} Nxe4 {[%emt 0:00:00]} 8. Bxb4 {[%emt 0:00:00]} Nxb4 {[%emt 0:00:00]} 9. Bxf7+ {[%emt 0:00:00]} Kxf7 {[%emt 0:00:00]} 10. Qb3+ {[%emt 0:00:00]} Kf8 {[%emt 0:00:00]} 11. Qxb4+ {[%emt 0:00:00]} Qe7 {[%emt 0:00:00]} 12. Qxe7+ {[%emt 0:00:00]} Kxe7 {[%emt 0:00:00]} 13. Nc3 {[%emt 0:02:21]} Nxc3 {[%emt 0:00:00]} 14. bxc3 {[%emt 0:00:00]} d6 {[%emt 0:00:00]} 15. Nd2 {[%emt 0:09:45]} Bf5 {[%emt 0:00:22]} 16. f3 {[%emt 0:00:59]} Kd7 {[%emt 0:01:14]} 17. Kf2 {[%emt 0:01:54]} Rhe8 {[%emt 0:12:46]} 18. Rhe1 {[%emt 0:00:39]} a5 {[%emt 0:04:29]} 19. Rxe8 {[%emt 0:13:39]} Rxe8 {[%emt 0:06:08]} 20. Re1 {[%emt 0:04:33]} Rxe1 {[%emt 0:01:40]} 21. Kxe1 {[%emt 0:00:00]} Kc6 {[%emt 0:02:48]} 22. Kd1 {[%emt 0:00:02]} b5 {[%emt 0:06:26]} 23. Kc1 {[%emt 0:15:11]} b4 {[%emt 0:13:21]} 24. Kb2 {[%emt 0:14:21]} Kb5 {[%emt 0:04:02]} 25. c4+ {[%emt 0:04:30]} Kb6 {[%emt 0:01:39]} 26. Kb3 {[%emt 0:06:03]} c5 {[%emt 0:05:59]} 27. d5 {[%emt 0:02:54]} Bd7 {[%emt 0:02:51]} 28. Ne4 {[%emt 0:11:02]} Kc7 {[%emt 0:02:55]} 29. Ng5 {[%emt 0:02:29]} a4+ {[%emt 0:01:47]} 30. Kb2 {[%emt 0:00:54]} Bf5 {[%emt 0:02:03]} 31. Ne6+ {[%emt 0:01:33]} Kd7 {[%emt 0:00:01]} 32. Nxg7 {[%emt 0:02:18]} Bd3 {[%emt 0:00:00]} 33. Ne6 {[%emt 0:01:28]} Bxc4 {[%emt 0:00:10]} 34. Nf8+ {[%emt 0:00:40]} Ke7 {[%emt 0:00:00]} 35. Nxh7 {[%emt 0:00:00]} a3+ {[%emt 0:01:16]} 36. Ka1 {[%emt 0:00:05]} Bxd5 {[%emt 0:00:00]} 37. Ng5 {[%emt 0:00:00]} c4 {[%emt 0:02:24]} 38. Ne4 {[%emt 0:01:10]} c3 {[%emt 0:00:43]} 39. Kb1 {[%emt 0:00:09]} Bxa2+ {[%emt 0:01:16]} 0-1

[Event "4NCL 2019-20"]
[Site "Daventry"]
[Date "2020.02.08"]
[Round "5"]
[White "Evans, Craig"]
[Black "Wall, Tim P"]
[Result "0-1"]
[WhiteElo "2003"]
[BlackElo "2201"]
[Annotator "ChessBase"]
[PlyCount "98"]
[EventDate "2020.01.11"]
[EventCountry "ENG"]
[SourceTitle "playchess.com"]
[Source "ChessBase"]
[SourceQuality "1"]
[TimeControl "40/6000:3000+30"]

1. Nf3 {[%emt 0:00:00]} d5 {[%emt 0:00:07]} 2. d4 {[%emt 0:00:00]} Bf5 {[%emt 0:00:52]} 3. c4 {[%emt 0:00:21]} e6 {[%emt 0:00:07]} 4. g3 {[%emt 0:02:58]} Nc6 {[%emt 0:00:52]} 5. Qa4 {[%emt 0:04:22]} Qd7 {[%emt 0:07:51]} 6. Bg2 {[%emt 0:04:15]} Nf6 {[%emt 0:02:37]} 7. O-O {[%emt 0:01:13]} Be7 {[%emt 0:03:23]} 8. Rd1 {[%emt 0:08:56]} Ne4 {[%emt 0:06:13]} 9. Be3 {[%emt 0:11:38]} O-O {[%emt 0:01:14]} 10. Ne1 {[%emt 0:09:58]} Bg6 {[%emt 0:06:43]} 11. f3 {[%emt 0:01:51]} Nd6 {[%emt 0:03:36]} 12. cxd5 {[%emt 0:21:59]} exd5 {[%emt 0:00:00]} 13. Bf2 {[%emt 0:03:45]} Nc4 {[%emt 0:43:47]} 14. Qb3 {[%emt 0:04:47]} a5 {[%emt 0:00:00]} 15. e4 {[%emt 0:03:00]} a4 {[%emt 0:03:19]} 16. Qc3 {[%emt 0:01:27]} a3 {[%emt 0:02:34]} 17. bxa3 {[%emt 0:06:34]} Nxa3 {[%emt 0:00:00]} 18. Nxa3 {[%emt 0:00:00]} Rxa3 {[%emt 0:00:51]} 19. Qb2 {[%emt 0:00:00]} Bh5 {[%emt 0:04:40]} 20. Nc2 {[%emt 0:00:00]} Ra5 {[%emt 0:01:42]} 21. g4 {[%emt 0:05:36]} Bg6 {[%emt 0:00:00]} 22. Be1 {[%emt 0:02:58]} Ra6 {[%emt 0:02:53]} 23. exd5 {[%emt 0:00:28]} Bxc2 {[%emt 0:00:45]} 24. Qxc2 {[%emt 0:00:04]} Qxd5 {[%emt 0:00:03]} 25. f4 {[%emt 0:00:52]} Qd7 {[%emt 0:01:07]} 26. d5 {[%emt 0:00:10]} Nb4 {[%emt 0:00:47]} 27. Qb3 {[%emt 0:01:38]} Rb6 {[%emt 0:00:00]} 28. Bf2 {[%emt 0:00:09]} Rg6 {[%emt 0:00:33]} 29. d6 {[%emt 0:00:19]} Qxg4 {[%emt 0:00:00]} 30. Bg3 {[%emt 0:00:00]} Bxd6 {[%emt 0:00:00]} 31. Rxd6 {[%emt 0:00:00]} Rxd6 {[%emt 0:01:14]} 32. Qxb4 {[%emt 0:00:00]} Rd1+ {[%emt 0:00:00]} 33. Rxd1 {[%emt 0:00:00]} Qxd1+ {[%emt 0:00:00]} 34. Bf1 {[%emt 0:00:00]} b6 {[%emt 0:00:00]} 35. Qc4 {[%emt 0:00:00]} c5 {[%emt 0:00:00]} 36. Qb3 {[%emt 0:00:00]} Qd4+ {[%emt 0:00:00]} 37. Kg2 {[%emt 0:00:00]} Qe4+ {[%emt 0:00:12]} 38. Kg1 {[%emt 0:00:00]} Qg6 {[%emt 0:00:30]} 39. Bd3 {[%emt 0:00:00]} Qd6 {[%emt 0:00:06]} 40. Qc4 {[%emt 0:00:00]} Rd8 {[%emt 0:00:40]} 41. Be2 {[%emt 0:07:04]} Qd2 {[%emt 0:05:08]} 42. Kf1 {[%emt 0:07:34]} Re8 {[%emt 0:05:27]} 43. Be1 {[%emt 0:03:08]} Qe3 {[%emt 0:02:23]} 44. Bf2 {[%emt 0:02:04]} Qe4 {[%emt 0:04:55]} 45. Qa6 {[%emt 0:13:17]} h6 {[%emt 0:03:43]} 46. Bg3 {[%emt 0:09:03]} g6 {[%emt 0:03:42]} 47. Qb5 {[%emt 0:01:59]} h5 {[%emt 0:01:03]} 48. Kf2 {[%emt 0:06:46]} h4 {[%emt 0:09:58]} 49. Bxh4 {[%emt 0:02:07]} Qxf4+ {[%emt 0:01:39]} 0-1

[Event "4NCL 2019-20"]
[Site "Daventry"]
[Date "2020.02.08"]
[Round "5"]
[White "Andrzejewska, Anna"]
[Black "Sucikova, Svetlana"]
[Result "0-1"]
[WhiteElo "1974"]
[BlackElo "2160"]
[Annotator "TA"]
[PlyCount "116"]
[EventDate "2020.01.11"]
[EventCountry "ENG"]
[SourceTitle "playchess.com"]
[Source "ChessBase"]
[SourceQuality "1"]

{[%evp 17,116,40,47,40,41,30,41,14,66,39,47,35,39,16,17,13,43,18,48,10,16,0,8,0,-4,-4,0,-17,27,-7,0,-20,0,-17,-8,-10,-16,-9,-25,-12,0,-33,-45,-59,-22,-24,-27,-63,20,-77,-31,-225,-154,-158,-153,-116,-87,-92,-44,-165,-145,-133,-116,-224,-224,-228,-225,-221,-224,-245,-254,-279,-253,-249,-252,-248,-249,-289,-242,-243,-224,-363,-361,-376,-374,-513,-500,-518,-515,-516,-488,-614,-629,-631,-600,-1398,-1424,-1422,-1441,-1281,-1266]} 1. e4 c6 2. d4 d5 3. Nc3 dxe4 4. Nxe4 Nf6 5. Nxf6+ exf6 6. c3 Bd6 7. Bd3 O-O 8. Ne2 Qc7 9. Qc2 h6 10. h3 {B15: Caro-Kann: 3 Nc3: 3...g6 and 3...dxe4 4 Nxe4 Nf6 5 Nxf6+ exf6.} Re8 11. O-O Nd7 12. c4 {White is slightly better.} Nf8 (12... c5 $11) 13. Be3 Bd7 14. Rfe1 {[#]} Rad8 $146 ({Predecessor:} 14... Ne6 15. Bf5 c5 16. d5 Ng5 17. Nc3 Bxf5 18. Qxf5 Re5 19. Qd3 Re7 20. h4 Nh7 {1-0 (37) Krejcik,J (2124)-Zamboch,R (2117) Czechia 2012}) 15. a3 Qc8 16. Ng3 Bb8 17. Rad1 Be6 18. Nf5 h5 19. h4 g6 {[%cal Re6f5]} (19... Bxf5 $6 20. Bxf5 Qc7 21. g3 $16) 20. Ng3 Qc7 21. Qc3 Bg4 22. Rc1 Nh7 23. Nf1 Qd7 24. Qc2 Kg7 25. b4 Nf8 26. f3 Be6 27. Bf2 f5 28. Rcd1 Kh7 29. d5 cxd5 30. c5 f6 31. Bd4 Kg7 32. a4 Qc7 ({Black should play} 32... Qf7 $15) 33. b5 (33. Bb5 $11 {keeps the balance.}) 33... Bf7 {White must now prevent ...Rxe1.} 34. Qf2 $2 {[#]} (34. Qc3 $15) 34... Ne6 35. b6 axb6 36. cxb6 Qf4 37. Bb5 Rh8 ({Of course not} 37... Nxd4 $6 38. Bxe8 Bxe8 39. Re7+ (39. Rxd4 Qd6 $11) 39... Kf8 40. Rxd4 $11) 38. Be3 (38. Rxe6 $1 $15 Bxe6 39. g3) 38... Qd6 $36 {[%mdl 2048] Keeping White busy.} 39. Qb2 Rc8 40. Qd2 (40. Re2 $17) 40... Rhd8 41. a5 d4 42. Bf2 Qd5 43. Bd3 Bf4 44. Qb4 Bd6 45. Qd2 Ra8 46. Ra1 Nc5 {aiming for ...Nb3.} 47. Bc2 Be5 {Hoping for ...d3.} 48. f4 {[#]} Bb8 $1 49. Ng3 (49. g3 $142) 49... Ne6 50. Rxe6 Bxe6 51. Ra4 {[%cal Ra4d4]} d3 {Black is clearly winning.} 52. Bd1 Qb5 53. Bd4 Bd6 54. Qc3 Be7 55. Qe1 Kf7 56. Nxh5 Rxd4 57. Rxd4 Bc5 58. Kh2 Bxd4 {Accuracy: White = 52%, Black = 78%.} 0-1

[Event "4NCL 2019-20"]
[Site "Daventry"]
[Date "2020.02.08"]
[Round "5"]
[White "York-Weaving, Anna"]
[Black "Sygnowski, Tomasz"]
[Result "0-1"]
[WhiteElo "1739"]
[BlackElo "2185"]
[Annotator "ChessBase"]
[PlyCount "72"]
[EventDate "2020.01.11"]
[EventCountry "ENG"]
[SourceTitle "playchess.com"]
[Source "ChessBase"]
[SourceQuality "1"]
[TimeControl "40/6000:3000+30"]

1. e4 {[%emt 0:11:32]} e6 {[%emt 0:00:00]} 2. d4 {[%emt 0:00:00]} d5 {[%emt 0:00:00]} 3. Nd2 {[%emt 0:00:00]} Nf6 {[%emt 0:00:27]} 4. e5 {[%emt 0:00:00]} Nfd7 {[%emt 0:00:07]} 5. Bd3 {[%emt 0:00:00]} c5 {[%emt 0:00:00]} 6. c3 {[%emt 0:00:00]} Nc6 {[%emt 0:00:00]} 7. Ne2 {[%emt 0:00:00]} Qb6 {[%emt 0:00:00]} 8. Nf3 {[%emt 0:00:00]} cxd4 {[%emt 0:00:00]} 9. cxd4 {[%emt 0:00:00]} f6 {[%emt 0:00:00]} 10. exf6 {[%emt 0:00:00]} Nxf6 {[%emt 0:00:00]} 11. O-O {[%emt 0:00:00]} Bd6 {[%emt 0:00:00]} 12. b3 {[%emt 0:00:32]} e5 {[%emt 0:04:06]} 13. dxe5 Nxe5 {[%emt 0:00:00]} 14. Nxe5 {[%emt 0:15:07]} Bxe5 {[%emt 0:00:00]} 15. Rb1 {[%emt 0:01:17]} O-O {[%emt 0:00:00]} 16. h3 {[%emt 0:06:03]} Qa5 {[%emt 0:07:30]} 17. Bb2 {[%emt 0:05:05]} Re8 {[%emt 0:07:15]} 18. a4 {[%emt 0:33:50]} Bd7 {[%emt 0:01:14]} 19. Nd4 Rac8 {[%emt 0:06:11]} 20. f4 {[%emt 0:07:49]} Bd6 {[%emt 0:10:32]} 21. Nf5 {[%emt 0:03:05]} Qb6+ {[%emt 0:02:35]} 22. Kh1 {[%emt 0:04:28]} Bb4 {[%emt 0:04:58]} 23. Bd4 {[%emt 0:04:19]} Bc5 {[%emt 0:03:00]} 24. Be5 {[%emt 0:00:00]} Bxf5 {[%emt 0:03:28]} 25. Bxf5 {[%emt 0:00:05]} Rcd8 {[%emt 0:01:05]} 26. Qd3 {[%emt 0:01:33]} h6 {[%emt 0:05:49]} 27. Rf3 {[%emt 0:02:11]} Rf8 28. Rc1 {[%emt 0:00:00]} Bd6 29. Bxf6 {[%emt 0:00:00]} Rxf6 30. Qxd5+ {[%emt 0:00:00]} Kh8 31. Rd1 {[%emt 0:00:00]} Be7 32. Qe4 {[%emt 0:00:00]} Rxd1+ 33. Kh2 {[%emt 0:00:00]} Qg1+ 34. Kg3 {[%emt 0:00:00]} Qe1+ 35. Qxe1 {[%emt 0:00:00]} Rxe1 36. Bd3 {[%emt 0:00:00]} Bd6 0-1

[Event "4NCL 2019-20"]
[Site "Daventry"]
[Date "2020.02.08"]
[Round "5"]
[White "Bridgeman, Niamh"]
[Black "Jaufarally, Nadia"]
[Result "1/2-1/2"]
[WhiteElo "1665"]
[BlackElo "1928"]
[Annotator "NA"]
[PlyCount "94"]
[EventDate "2020.01.11"]
[EventCountry "ENG"]
[SourceTitle "playchess.com"]
[Source "ChessBase"]
[SourceQuality "1"]
[TimeControl "40/6000:3000+30"]

1. d4 {[%emt 0:00:00]} Nf6 {[%emt 0:00:00]} 2. Nf3 {[%emt 0:00:00]} g6 {[%emt 0:00:00]} 3. Bg5 {[%emt 0:00:00]} Bg7 {[%emt 0:00:00]} 4. Nbd2 {[%emt 0:00:00]} d5 {[%emt 0:01:00]} 5. e3 {[%emt 0:00:00]} O-O {[%emt 0:05:59]} 6. Bd3 {[%emt 0:00:19]} Nbd7 {[%emt 0:05:03]} 7. O-O {[%emt 0:03:26]} b6 {[%emt 0:28:35]} 8. c3 {[%emt 0:00:44]} Bb7 {[%emt 0:00:48]} 9. Qb1 {[%emt 0:00:46]} c5 {[%emt 0:15:28]} 10. a4 {[%emt 0:00:51]} Qe8 {[%emt 0:08:54]} 11. b4 {[%emt 0:11:10]} e5 {[%emt 0:09:14]} 12. Bb5 {[%emt 0:20:38]} Ne4 {[%emt 0:15:15]} 13. Nxe4 {[%emt 0:13:43]} dxe4 {[%emt 0:00:00]} 14. Nxe5 {[%emt 0:14:44]} Bxe5 {[%emt 0:00:26]} 15. dxe5 {[%emt 0:16:58]} Qxe5 {[%emt 0:01:27]} 16. Bf4 {[%emt 0:00:00]} Qe6 {[%emt 0:01:03]} 17. Bxd7 {[%emt 0:00:01]} Qxd7 {[%emt 0:00:00]} 18. Rd1 {[%emt 0:00:09]} Qc8 {[%emt 0:05:34]} 19. bxc5 {[%emt 0:04:52]} bxc5 {[%emt 0:00:00]} 20. Bd6 {[%emt 0:00:03]} Rd8 {[%emt 0:00:00]} 21. Qb5 {[%emt 0:00:17]} c4 {[%emt 0:00:00]} 22. Rab1 {[%emt 0:00:28]} Ba6 {[%emt 0:00:33]} 23. Qd5 {[%emt 0:00:33]} Qf5 {[%emt 0:00:04]} 24. Qc6 {[%emt 0:01:36]} Qa5 {[%emt 0:00:00]} 25. Bc7 {[%emt 0:01:02]} Rxd1+ {[%emt 0:00:00]} 26. Rxd1 {[%emt 0:00:00]} Rc8 {[%emt 0:00:00]} 27. Qxg6+ {[%emt 0:00:30]} hxg6 {[%emt 0:00:00]} 28. Bxa5 {[%emt 0:00:00]} Rb8 {[%emt 0:00:00]} 29. Rd8+ {[%emt 0:00:36]} Rxd8 {[%emt 0:00:00]} 30. Bxd8 {[%emt 0:00:00]} f5 {[%emt 0:00:01]} 31. Bf6 {[%emt 0:00:00]} Bb7 {[%emt 0:00:00]} 32. a5 {[%emt 0:00:45]} a6 {[%emt 0:00:01]} 33. h4 {[%emt 0:01:12]} Kf7 {[%emt 0:00:00]} 34. Bd4 {[%emt 0:00:01]} Bc6 {[%emt 0:00:00]} 35. Kh2 {[%emt 0:00:00]} Ke6 {[%emt 0:00:00]} 36. Kg3 {[%emt 0:00:40]} Be8 {[%emt 0:00:00]} 37. Kf4 {[%emt 0:00:08]} Ba4 {[%emt 0:00:00]} 38. f3 {[%emt 0:00:32]} Bc2 {[%emt 0:00:00]} 39. fxe4 {[%emt 0:01:39]} Bxe4 {[%emt 0:00:00]} 40. g4 {[%emt 0:00:30]} Bd3 {[%emt 0:00:00]} 41. h5 {[%emt 0:51:01]} fxg4 {[%emt 0:11:55]} 42. h6 {[%emt 0:00:00]} g5+ {[%emt 0:02:09]} 43. Kxg4 {[%emt 0:00:00]} Be4 {[%emt 0:02:36]} 44. Kxg5 {[%emt 0:00:00]} Bh7 {[%emt 0:00:25]} 45. Kf4 {[%emt 0:00:00]} Kd5 {[%emt 0:00:48]} 46. Kg5 {[%emt 0:00:00]} Ke6 {[%emt 0:00:42]} 47. Bb6 {[%emt 0:00:00]} Bd3 {[%emt 0:01:09]} 1/2-1/2